000 00600nam a2200181Ia 4500
008 100920s9999 xx 000 0 und d
082 _b102317
_a891.464 न 08
100 _aनील ए.एस.
245 _aनलिनीची शाळा समर हिल.
260 _bराजहंस, पुणे.
_c2008
300 _a278
_bसाधी
365 _b200
520 _aनिबंध.
630 _aनलिनीची शाळा समर हिल.
650 _aनिबंध.
730 _aनलिनीची शाळा समर हिल.
942 _cBOOK
999 _c742750
_d742747